Metodologické problémy účtovného zobrazenia vybraných finančných nástrojov podľa IFRS dizertačná práca
Saved in:
| Main Author: | |
|---|---|
| Corporate Author: | |
| Other Authors: | |
| Format: | Book |
| Language: | Slovak English |
| Published: |
Bratislava
2018
|
| Subjects: | |
| Tags: |
No Tags, Be the first to tag this record!
|
MARC
| LEADER | 00000nbm a2200000 4500 | ||
|---|---|---|---|
| 001 | 0246532 | ||
| 005 | 20230302103603.6 | ||
| 041 | 0 | |a slo | |
| 041 | 0 | |a eng | |
| 044 | |a SK | ||
| 245 | 1 | 0 | |a Metodologické problémy účtovného zobrazenia vybraných finančných nástrojov podľa IFRS |b dizertačná práca |c Martina Ballová ; školiteľ: Zuzana Juhászová |
| 264 | 1 | |a Bratislava |c 2018 | |
| 300 | |a 125 s. | ||
| 610 | 2 | 0 | |a nástroje finančné |
| 610 | 2 | 0 | |a oceňovanie |
| 610 | 2 | 0 | |a závierka účtovná |
| 610 | 2 | 0 | |a výkazníctvo finančné |
| 610 | 2 | 0 | |a prezentácia |
| 610 | 2 | 0 | |a IFRS |
| 100 | 1 | |a Ballová, Martina, 1985- | |
| 700 | 1 | |a Juhászová, Zuzana, 1970- | |
| 710 | 2 | |a Fakulta hospodárskej informatiky EU. Katedra účtovníctva a audítorstva | |